Moje Slovensko detský obrázkový atlas o Slovensku

Bibliographic Details
Corporate Author: Shutterstock (firma) (Photographer)
Other Authors: Srnková, Monika (Compiler)
Format: Book
Language:Slovak
PhysicalDescription:48 s. fareb. fotogr. 30 cm
Published: Nesvady FONI book 2017
ISBN:9788089637638
Edition:1. vyd.
Subjects:

MARC

LEADER 00000cam a2200000 a 4500
001 vtls011615538
003 SK-MaSNL
005 20260301190039.0
008 200104s2017 xo o g 000 0 slo
015 |a SNBA2017/09 
020 |a 9788089637638  |q (viaz.) 
035 |a urn:nbn:sk:snk-am00cyuz 
035 |a urn:nbn:sk:snk-am3hfuv 
035 |a 4904A59B-CE0A-442B-A599-5F4C8F18D004 
040 |a SNK  |b slo  |c SNK  |e AACR2 
041 0 |a slo 
043 |a e-xo--- 
044 |a xo  |c SK 
072 7 |a 913(437)  |x Geografia Česka a Slovenska, reálie, cestovanie  |2 konspekt 
072 7 |a 0/9-053.2  |x Literatúra pre deti a mládež (náučná)  |2 konspekt 
080 |a 94(437.6)  |2 2011 
080 |a 908(437.6)  |2 2011 
080 |a 0/9  |2 2011 
080 |a 929  |2 2011 
080 |a (048.8)  |2 2011 
080 |a (0.05)  |2 2011 
245 0 0 |a Moje Slovensko  |b detský obrázkový atlas o Slovensku  |c [zostavila: Monika Srnková ; fotky: shutterstock] 
250 |a 1. vyd. 
260 |a Nesvady  |b FONI book  |c 2017 
300 |a 48 s.  |b fareb. fotogr.  |c 30 cm 
650 0 7 |a všeobecnosti a zaujímavosti  |2 SNKPH  |9 4162 
650 0 7 |a General and attractions  |2 SNKPHeng  |9 267066 
650 0 7 |a osobnosti  |2 SNKPH  |9 29820 
650 0 7 |a Celebrities  |2 SNKPHeng  |9 265203 
651 7 |a Slovensko  |x dejiny  |2 SNKPH  |9 13278 
651 7 |a Slovakia  |x history  |2 SNKPHeng  |9 266841 
651 7 |a Slovakia  |x history and geography  |2 SNKPHeng  |9 265826 
651 7 |a Slovensko  |x vlastiveda  |2 SNKPH  |9 265825 
655 7 |a monografie  |2 SNKPH  |9 70139 
655 7 |a publikácie pre deti  |2 SNKPH  |9 70148 
655 7 |a Monographs  |2 SNKPHeng  |9 120675 
655 7 |a Children's literature  |2 SNKPHeng  |9 276039 
700 1 |a Srnková, Monika  |4 com  |9 135381 
710 2 |a Shutterstock (firma)  |4 pht  |9 170229 
919 |a 978-80-89637-63-8 
958 |a DB 
999 |c 866169  |d 868099 
952 |a SNK  |b SNK  |y PREZ  |7 0  |p 17A1271121  |o snkSB 91913  |i snk2017/19489  |8 0  |0 0  |1 0  |4 0  |d 2017-09-07  |f 1  |l 0  |r 2025-05-13 00:00:00  |w 2026-02-24 
952 |a SNK  |b SNK  |y VYP  |7 0  |p 17A1271122  |o snkSB 91913 D1  |i snk2017/19490  |8 0  |0 0  |1 0  |4 0  |d 2017-09-07  |l 0  |r 2026-02-24 05:26:57  |w 2026-02-24